Place, exclusion, and mortgage markets /

"Just as in society, the mortgage market may exclude people on the basis of place, as well as race. Place-based exclusion in the mortgage market often takes the form of "redlining," a tacit agreement among lending institutions to delineate sections of cities into areas where no home m...

Full description

Bibliographic Details
Main Author: Aalbers, Manuel
Format: eBook
Language:English
Published: Malden : Wiley-Blackwell, 2011.
Series:Studies in urban and social change ; 28.
Wiley online library.
Subjects:
Online Access:Connect to the full text of this electronic book

MARC

Tag First Indicator Second Indicator Subfields
LEADER 00000cam a2200000Ka 4500
001 in00002741021
005 20210728124754.0
006 m d
007 cr cn|||||||||
008 110706s2011 meu ob 001 0 eng d
019 |a 746880221  |a 747409398  |a 751695198 
020 |a 1405196572 (Cloth) 
020 |a 1444342282 
020 |a 1444342312 (electronic bk.) 
020 |a 6613204889 
020 |a 9781405196574 (Cloth) 
020 |a 9781444342284 
020 |a 9781444342314 (electronic bk.) 
020 |a 9786613204882 
024 8 |a 9786613204882 
035 |a (OCoLC)739119074  |z (OCoLC)746880221  |z (OCoLC)747409398  |z (OCoLC)751695198 
035 |a (OCoLC)ocn739119074 
035 |a 3971203 
037 |a 10.1002/9781444342314  |b Wiley InterScience  |n http://www3.interscience.wiley.com 
040 |a DG1  |b eng  |c DG1  |d EBLCP  |d OCLCQ  |d CDX  |d IDEBK  |d TXA  |d UtOrBLW 
049 |a TXAM 
050 4 |a HG2040.2  |b .A255 2011eb 
082 0 4 |a 332.7/2  |2 22 
100 1 |a Aalbers, Manuel.  |0 http://id.loc.gov/authorities/names/no2005041490 
245 1 0 |a Place, exclusion, and mortgage markets /  |c Manuel B. Aalbers. 
264 1 |a Malden :  |b Wiley-Blackwell,  |c 2011. 
300 |a 1 online resource. 
336 |a text  |b txt  |2 rdacontent 
337 |a computer  |b c  |2 rdamedia 
338 |a online resource  |b cr  |2 rdacarrier 
490 1 |a Studies in urban and social change ;  |v 28 
500 |a Electronic resource. 
504 |a Includes bibliographical references and index. 
505 0 |a Front Matter -- Introduction -- The Exclusion, Urban, and Market Lenses. Social and Financial Exclusion -- A Socio-Spatial Approach -- Markets, Institutions, Risk, Credit Scoring -- Redlining Research in the United States, Italy, and the Netherlands. The United States: One Century of Redlining -- Italy: Capital Switching in Milan -- The Netherlands: Colored Maps -- Photo Essay: The Tarwewijk, Rotterdam -- Conclusions. The Globalization of Redlining? -- References -- Index. 
505 8 |a Machine generated contents note: Preface. -- Introduction. -- Part I The Exclusion, Urban and Market Lenses. -- 1 Social and Financial Exclusion. -- 1.1 Social Exclusion. -- 1.2 Financial Exclusion. -- 1.3 How Space and Housing enter the Idea of Exclusion. -- 2 A Socio-Spatial Approach. -- 2.1 David Harvey, Capital Switching and Urban Development. -- 2.2 A Socio-Spatial Approach to Urban Development. -- 2.3 Exploratory Comparative Research with Contrasting Cases. -- 3 Markets, Institutions, Risk, Credit Scoring. -- 3.1 The Market as an Institution. -- 3.2 Homeownership in the Risk Society. -- 3.3 Risk Selection and Credit Scoring. -- 3.4 Difficulties and Risk. -- Part II Redlining Research in the US, Italy and the Netherlands. -- 4 The US: One Century of Redlining. -- 4.1 On the Origins of Mortgage Markets and Redlining. -- 4.2 Redlining Research Since the 1970s. -- 4.3 Redlining Readdressed. -- 4.4 The Rise of Securitization and Subprime Lending. -- 5 Italy: Capital Switching in Milan. -- 5.1 Housing in Italy. -- 5.2 The Italian Mortgage Market. -- 5.3 Economy, Migrants and Housing in Milan. -- 5.4 The Milanese Geography of Access to Mortgage Loans. -- 5.5 Capital Switching in Milan. -- 6 The Netherlands: Colored Maps. -- 6.1 Housing in the Netherlands. -- 6.2 The Dutch Mortgage Market. -- 6.3 Ethnic Minorities and Discrimination. -- 6.4 The Socio-Spatial Structure of Rotterdam. -- 6.5 The Colored Map of Rotterdam (1980-1999). -- 6.6 Rotterdam versus Amsterdam (1999-2001). -- 6.7 Rotterdam, The Hague and Arnhem (2005-2006). -- 6.8 Redlining Redux: Rotterdam and The Hague in the Financial Crisis (2008-2010). -- Photo Essay The Tarwewijk, Rotterdam. -- Part III Conclusions. -- 7 The Globalization of Redlining? -- 7.1 Redlining in the US. -- 7.2 Credit Scoring: The Silent Globalization of the Mortgage Market. -- 7.3 City Forces. -- 7.4 Neighborhood Forces. -- 7.5 National Forces. -- 7.6 Markets and Institutions Preventing Redlining. -- 7.7 The Endemic Nature of Redlining. -- References. -- Index. 
520 |a "Just as in society, the mortgage market may exclude people on the basis of place, as well as race. Place-based exclusion in the mortgage market often takes the form of "redlining," a tacit agreement among lending institutions to delineate sections of cities into areas where no home mortgages are to be issued. Place, Exclusion and Mortgage Markets presents an in depth examination of the practice of redlining and the broader implications of contemporary urban exclusion processes. Through a careful balance of comparative research and literature reviews, author Manuel B. Aalbers reveals how redlining, which is most visible at the urban level, is also constituted at the interaction of several spatial scales: neighborhood, urban, regional, national, and global. By utilizing several research strategies and presenting documented evidence from various urban sectors in the United States, Italy, and the Netherlands, this book offers fresh insights and much needed analytical clarity to shape our understanding of redlining and other urban exclusion processes"--  |c Provided by publisher. 
588 |a Description based on print version record. 
650 0 |a Discrimination in mortgage loans  |v Case studies. 
650 0 |a Marginality, Social  |v Case studies. 
650 0 |a Mortgages  |v Case studies. 
650 4 |a Business. 
650 4 |a Discrimination in mortgage loans  |v Case studies. 
650 4 |a Marginality, Social  |v Case studies. 
650 4 |a Mortgages  |v Case studies. 
655 4 |a Electronic books. 
655 7 |a Electronic books.  |2 local 
776 0 8 |i Print version:  |a Aalbers, Manuel.  |t Place, exclusion, and mortgage markets.  |d Malden : Wiley-Blackwell, 2011  |z 9781405196574  |w (DLC) 2011001456  |w (OCoLC)650218736 
830 0 |a Studies in urban and social change ;  |v 28.  |0 http://id.loc.gov/authorities/names/n92099694 
830 0 |a Wiley online library. 
856 4 0 |u http://proxy.library.tamu.edu/login?url=https://dx.doi.org/10.1002/9781444342314  |z Connect to the full text of this electronic book  |t 0 
948 |a cataloged  |b h  |c 2012/3/27  |d c  |e jlanham  |f 12:22:49 pm 
994 |a C0  |b TXA 
999 |a MARS 
999 f f |s 148e2109-f98d-32bc-bce9-e2417940d257  |i 82b3554a-b20a-3092-9cf7-2adb2d9a6446  |t 0 
952 f f |a Texas A&M University  |b College Station  |c Electronic Resources  |d Available Online  |t 0  |e HG2040.2 .A255 2011eb  |h Library of Congress classification 
998 f f |a HG2040.2 .A255 2011eb  |t 0  |l Available Online